01009nam a2200265Ia 4500001001200000003000800012006001900020007001500039008004100054020001500095040002100110035002000131050002600151245010400177260004100281300002600322500002100348533015200369650002100521650001400542655002900556710001700585856012600602999001500728ebr10001700CaPaEBRm u cr cn|||||||||230502s2001 maua s 000 0 eng d z0787950629 aCaPaEBRcCaPaEBR a(OCoLC)7076433214aLC5225.R4bA55 2001eb00aAnnual review of adult learning and literacy. Volume 2h[electronic resource] /ced. John Comings. aSan Francsico :bJossey-Bass,c2001. axxiii, 295 p. :bill. aIncludes charts. aElectronic reproduction.bPalo Alto, Calif. :cebrary,d2013.nAvailable via World Wide Web.nAccess may be limited to ebrary affiliated libraries. 0aAdult education. 0aLiteracy. 7aElectronic books.2local2 aebrary, Inc.40uhttp://site.ebrary.com/lib/rucke/Doc?id=10001700zAn electronic book accessible through the World Wide Web; click to view c4710d4710